| 000 | 01584nac a22003131u 4500 | ||
|---|---|---|---|
| 010 | _a 2004272317 | ||
| 020 | _a0878499245 | ||
| 035 | _a(OCoLC)ocm53300473 | ||
| 082 | 0 | 0 |
_a620.14 _bS9681 |
| 090 |
_c2724 _d2724 |
||
| 100 | _a20080729 | ||
| 111 | 2 |
_aInternational Symposium on Advanced Ceramics _d2002 : _cShanghai, China) |
|
| 245 | 1 | 0 |
_aAdvanced ceramics and composites : _bproceedings of the 2nd International Symposium on Advanced Ceramics, Shanghai Everbright Convention & Exhibition Centre International Hotel, November 19-22, 2002, Shanghai, China / _cedited by Hiroshige Suzuki, Katsutoshi Komeya, and Mototsugu Sakai. |
| 246 | 3 | 0 | _aAdvanced ceramics |
| 246 | 3 | 0 | _aProceedings of the International Symposium on Advanced Ceramics |
| 260 |
_aUetikon-Zuerich, Switzerland ; _aEnfield, N.H. : _bTrans Tech Publications,2003 _c2003 |
||
| 300 |
_axv, 481 p. : _bill. ; _c25 cm. |
||
| 440 | 0 |
_aKey engineering materials ; _vv. 247 |
|
| 500 | _a"Organized by The 124th Committee on High-Temperature Ceramic Materials (The Japan Society for The Promotion of Science)"--Pref. | ||
| 504 | _aIncludes bibliographical references and indexes. | ||
| 650 | 0 |
_aCeramic materials _vCongresses. |
|
| 650 | 0 |
_aComposite materials _vCongresses. |
|
| 700 | 1 |
_aSuzuki, Hiroshige, _d1921- |
|
| 700 | 1 | _aKomeya, Katsutoshi. | |
| 700 | 1 | _aSakai, Mototsugu. | |
| 710 | 2 | _aNihon Gakujutsu Shinkōkai. | |
| 942 |
_cBB _k620.14S9681 |
||
| 999 |
_c2724 _d2724 |
||